000 00485nam a2200145 a 4500
008 120416s0000 ||||||||||||||||| || u
020 _a0273650386
050 _aHG 1811 Eng
100 _aEngler, Henry
245 1 4 _aThe future of banking
260 _aLondon
_bPearson
_c2000
300 _axix, 328p : ill.
350 _a0.00
995 _D0.00
_FCBU-MAIN LIBRARY (Kitwe)
_H1
_I31.75
_M1
_UAVAILABLE
_ZMain Library Open Access Collection
999 _c44257
_d44257